Science Quiz

Random Science or Elements Quiz
Score 0/17 Timer 05:00
0 Plays Today
Part Element % Correct
ALLAPalladium
69.4%
IRIIridium
69.3%
ESEManganese
64.7%
TITTitanium
61.2%
OROBoron
57.8%
IDIRubidium and Iridium
56.8%
ELESelenium and Mendelevium
49%
NONXenon
45%
OLOPolonium
42.3%
Part Element % Correct
ILISilicon
37.7%
ENNETennessine
35.3%
INIGadolinium, Actinium, Protactinium, Einsteinium
33.7%
ANAVanadium
31.5%
TATAstatine
30.8%
ICIAmericium and Copernicium
26.7%
AMASamarium
23.3%
TETLutetium
19.2%
Remove Ads.
Support Sporcle.
Get the best of Sporcle when you Go Orange. This ad-free experience offers more features, more stats, and more fun while also helping to support Sporcle. Thank you for becoming a member.

You're not logged in!

Compare scores with friends on all Sporcle quizzes.
OR
Log In

Show Comments

Extras

Top Quizzes Today


Score Distribution

Your Account Isn't Verified!

In order to create a playlist on Sporcle, you need to verify the email address you used during registration. Go to your Sporcle Settings to finish the process.

Report this User

Report this user for behavior that violates our Community Guidelines.

Details: